Kliknij czołg włoski - Statystyki

Ogólne statystyki
  • Ten quiz został rozwiązany 75 razy
  • Średni wynik to 9 z 15
Answers on the Grid
Answers color-coded by a green-red scale on the quiz's grid according to % correct below.
L3/33cc
L6/40
Leopard 2pl
M11/39
AB 41
BT 5
Mk IV Churchill
PZ III M
Tiger H1
Sturmpanzer II
M 42
OTOMATIC
P 40
T 80
Maus
M4 sherman
Ha-Go
Fiat 6614
Breda 501
Hovet
AML 90
R3 T20 Fa-Hs
AS 42
SIDAM 25
Tiger E
B1 Centauro
M1 Abrams
T 28
47/32 L40
Wiesel
 
Statystyki odpowiedzi
Odpowiedź % Poprawnych
L3/33cc
90%
L6/40
83%
Fiat 6614
71%
AB 41
69%
47/32 L40
67%
B1 Centauro
67%
Breda 501
67%
M11/39
65%
OTOMATIC
60%
AS 42
54%
P 40
52%
R3 T20 Fa-Hs
52%
SIDAM 25
52%
M 42
48%
M4 sherman
13%
Nie znaleziono quizów pasujących do podanych kryteriów
Rozkład punktacji
Procent ludzi z każdym wynikiem
Percentyl według liczby udzielonych odpowiedzi
Twoja historia wyników
Nie rozwiązałeś tego quizu